000
00321nam a2200133Ia 4500
008
151213s9999 xx 000 0 und d
100
_a
Angus Calder
245
_a
Byron
_c
Angus Calder
260
_a
New Delhi
_b
Viva Books Private
_c
2003
300
_a
1864 p.
650
_a
English
700
_a
Angus Calder
999
_c
1369
_d
1369